Band Members by Instrument - Miscellaneous Rock # 5 Edition - Statistics

General Stats
  • This quiz has been taken 83 times
  • The average score is 7 of 48
Answer Stats
Band Instrument or Role Answer % Correct
Rage Against the Machine (1991-2000) Guitar Tom Morello
73%
Rage Against the Machine (1991-2000) Vocals Zack de la Rocha
56%
Hootie and the Blowfish (1989-2008) Vocals, Rhythm Guitar Darius Rucker
45%
Korn (1993-2005) Vocals Jonathan Davis
40%
Rammstein (1994-present) Vocals Till Lindemann
38%
Rammstein (1994-present) Drums Christoph Schneider
31%
Kraftwerk (1973-1987) Keyboards, Vocals Florian Schneider
31%
Rammstein (1994-present) Lead Guitar Richard Z. Kruspe
25%
Korn (1993-2005) Bass Reginald "Fieldy" Arvizu
22%
Type O Negative (1989-2010) Vocals, Bass Peter Steele
20%
Korn (1993-2005) Guitar Brian "Head" Welch
18%
Queensrÿche (1981-1998) Vocals Geoff Tate
18%
Rammstein (1994-present) Bass Oliver Riedel
18%
Rammstein (1994-present) Rhythm Guitar Paul Landers
18%
Rage Against the Machine (1991-2000) Drums Brad Wilk
16%
Rammstein (1994-present) Keyboards Christian "Flake" Lorenz
16%
Korn (1993-2005) Guitar James "Munky" Shaffer
16%
Korn (1993-2005) Drums David Silveria
15%
Rage Against the Machine (1991-2000) Bass Tim Commerford
15%
Devo (1976-1986) Lead Guitar Bob Mothersbaugh
11%
Queensrÿche (1981-1998) Bass Eddie Jackson
11%
Type O Negative (1989-2010) Keyboards Josh Silver
11%
Devo (1976-1986) Vocals, Keyboards Mark Mothersbaugh
11%
Devo (1976-1986) Rhythm Guitar, Keyboards Bob Casale
9%
Devo (1976-1986) Bass Gerald Casale
9%
Kraftwerk (1973-1987) Vocals, Keyboards Ralf Hütter
9%
Queensrÿche (1981-1998) Drums Scott Rockenfield
7%
Queensrÿche (1981-1998) Rhythm Guitar Chris DeGarmo
5%
They Might Be Giants (1982-1992) Vocals, Various Instruments John Linnell
5%
Blues Traveler (1987-1999) Vocals, Harmonica John Popper
5%
Queensrÿche (1981-1998) Lead Guitar Michael Wilton
5%
Devo (1976-1986) Drums Alan Myers
4%
Collective Soul (1992-2001) Rhythm Guitar Dean Roland
4%
Collective Soul (1992-2001) Vocals Ed Roland
4%
Hootie and the Blowfish (1989-2008) Drums Jim Sonefeld
4%
They Might Be Giants (1982-1992) Vocals, Guitar John Flansburgh
4%
Kraftwerk (1973-1987) Electronic Percussion (1975-1987) Karl Bartos
4%
Blues Traveler (1987-1999) Bass Bobby Sheehan
2%
Blues Traveler (1987-1999) Guitar Chan Kinchla
2%
Hootie and the Blowfish (1989-2008) Bass Dean Felber
2%
Type O Negative (1989-2010) Guitar Kenny Hickey
2%
Hootie and the Blowfish (1989-2008) Lead Guitar Mark Bryan
2%
Collective Soul (1992-2001) Lead Guitar Ross Childress
2%
Type O Negative (1989-2010) Drums Sal Abruscato / Johnny Kelly
2%
Collective Soul (1992-2001) Bass Will Turpin
2%
Blues Traveler (1987-1999) Drums Brendan Hill
0%
Collective Soul (1992-2001) Drums Shane Evans
0%
Kraftwerk (1973-1987) Electronic Percussion Wolfgang Flür
0%
No matching quizzes found
Score Distribution
Percent of People with Each Score
Percentile by Number Answered
Your Score History
You have not taken this quiz